00450cam a22001337a 4500008004000000020001500040082001600055100002500071245012200096260004200218300000900260650002300269700002400292180718b1976 xxu||||| |||| 00| 0 eng d a3775809139 aB713x54 V28 aVan de Sand, Klemans aFoundations and problems of local government in rural Indiacby Klemens van de Sand; translated by Horst E. Schneider aMainzbv. Hase & Koehler Verlagc1976 a177p aPanchayat - India. aSchneider, Horst E.